Taiichi Ohno's workplace management
Αποθηκεύτηκε σε:
| Κύριος συγγραφέας: | |
|---|---|
| Μορφή: | Βιβλίο |
| Γλώσσα: | English |
| Δημοσίευση: |
New York :
McGraw-Hill,
c2013.
|
| Έκδοση: | Special 100th birthday edition. |
| Θέματα: | |
| Ετικέτες: |
Προσθήκη ετικέτας
Δεν υπάρχουν, Καταχωρήστε ετικέτα πρώτοι!
|
MARC
| LEADER | 00000cam a2200000 i 4500 | ||
|---|---|---|---|
| 001 | 1/38266 | ||
| 008 | 131114s2013 nyu| ||| |||| ||eng|| | ||
| 020 | |a 9780071808019 |q (σκληρό εξώφυλλο) | ||
| 035 | |l 10115987 | ||
| 040 | |a GR-MyUa |b gre |e AACR2 | ||
| 041 | 0 | |a eng | |
| 082 | 7 | |a 658.3008 |2 (22) | |
| 100 | 1 | |a Ono, Taiichi, |d 1912-1990. | |
| 245 | 1 | 0 | |a Taiichi Ohno's workplace management / |c Taichi Ohno ; foreword by Fujio Cho. |
| 250 | |a Special 100th birthday edition. | ||
| 260 | |a New York : |b McGraw-Hill, |c c2013. | ||
| 300 | |a xii, 195 σ. ; |c 24 εκ. | ||
| 500 | |a With new commentary from global quality visionaries. | ||
| 500 | |a Περιλαμβάνει ευρετήριο. | ||
| 650 | 0 | 0 | |a Industrial management. |
| 650 | 0 | 0 | |a Production management. |
| 852 | |a INST |b CHIOS |e 20131114 |h 658.3008 ONO |p 005200034729 |q 005200034729 |t BK |y 0 | ||
| 901 | |a BIBL2-2013-3 | ||
| 922 | |a 2ΕΛΗ |b 201307 |c ΤΑΚ/ΤΔΕ |d ΔΡΕΣ | ||
| 970 | |a ΣΠΕΝΤΖΑ |b ΕΛΕΝΗ |z 2013/11/14 | ||